| 000 | 00000nam 2200000zi 4500 |
| 001 | 9.922649 |
| 003 | CaOODSP |
| 005 | 20240913141108 |
| 006 | m o d f |
| 007 | cr |n||||||||| |
| 008 | 230512e202306 nscbd ob f000 0 eng d |
| 020 | |a9780660486741 |
| 040 | |aCaOODSP|beng|erda|cCaOODSP |
| 043 | |an-cn-ns|aln----- |
| 045 | |ay0y2 |
| 086 | 1 |aFs70-7/2023-027E-PDF |
| 245 | 00|aStock status update for scallop (Placopecten magellanicus) in scallop fishing area 29 west of longitude 65°30'. |
| 246 | 37|aScience response : |bstock status update for scallop in SFA 29 west of 65°30’ |
| 264 | 1|aDartmouth, Nova Scotia : |bCanadian Science Advisory Secretariat, |cJune 2023. |
| 264 | 4|c©2023 |
| 300 | |a1 online resource (15 pages) : |bmaps, graphs. |
| 336 | |atext|btxt|2rdacontent |
| 337 | |acomputer|bc|2rdamedia |
| 338 | |aonline resource|bcr|2rdacarrier |
| 490 | 1 |aScience response, |x1919-3769 ; |v2023/027 |
| 500 | |aIssued also in French under title: Mise à jour de l'état du stock de pétoncles (Placopecten magellanicus) de la zone de pêche du pétoncle 29 à l'ouest de la longitude 65° 30'. |
| 500 | |aCaption title. |
| 504 | |aIncludes bibliographical references (pages 13). |
| 650 | 0|aPlacopecten magellanicus|zNova Scotia|zAtlantic Coast. |
| 650 | 0|aPlacopecten magellanicus fisheries|zNova Scotia|zAtlantic Coast. |
| 650 | 0|aFish stock assessment|zNova Scotia|zAtlantic Coast. |
| 710 | 1 |aCanada. |bDepartment of Fisheries and Oceans. |bMaritimes Region, |eissuing body. |
| 710 | 2 |aCanadian Science Advisory Secretariat, |eissuing body. |
| 775 | 08|tMise à jour de l'état du stock de pétoncles (Placopecten magellanicus) de la zone de pêche du pétoncle 29 à l'ouest de la longitude 65° 30'.|w(CaOODSP)9.922651 |
| 830 | #0|aScience response (Canadian Science Advisory Secretariat)|v2023/027.|w(CaOODSP)9.506232 |
| 856 | 40|qPDF|s5.22 MB|uhttps://publications.gc.ca/collections/collection_2023/mpo-dfo/fs70-7/Fs70-7-2023-027-eng.pdf |